000
00209nam a2200085Ia 4500
008
120527s9999 xx 000 0 und d
100
_a
Thompson, F.
245
_a
Foundations physiological psychology
942
_c
BK
999
_c
27430
_d
27430